Statistics for NFL Super Bowl MVPs

Click here to take the quiz!

General Stats

  • This quiz has been taken 849 times
    (731 since last reset)
  • The average score is 25 of 47

Answer Stats

SBAnswer% Correct
XXXVI | XXXVIIITom Brady
96%
XLIPeyton Manning
89%
XLII | XLVIEli Manning
88%
I | IIBart Starr
76%
XIX | XVI | XXIVJoe Montana
76%
XXVIIIEmmitt Smith
72%
XLVAaron Rodgers
69%
XLIVDrew Brees
66%
XXIXSteve Young
66%
XXVIITroy Aikman
66%
XXIIIJerry Rice
65%
XIII | XIVTerry Bradshaw
64%
IIIJoe Namath
63%
XXXIIIJohn Elway
60%
XLVIIJoe Flacco
60%
XXXIVKurt Warner
58%
XXXVRay Lewis
56%
VIRoger Staubach
49%
XXXIITerrell Davis
49%
IXFranco Harris
47%
XLIIISantonio Holmes
44%
XXIPhil Simms
42%
XLHines Ward
42%
XXIIDoug Williams
40%
IVLen Dawson
40%
XXXLarry Brown
40%
XVIIIMarcus Allen
38%
XLynn Swann
37%
XXXIXDeion Branch
36%
XXXIDesmond Howard
33%
XXXVIIDexter Jackson
33%
XVJim Plunkett
31%
XVIIJohn Riggins
31%
XXRichard Dent
29%
VIIILarry Csonka
29%
XXVOttis Anderson
28%
XXVIMark Rypien
27%
VChuck Howley
19%
VIIJake Scott
15%
XIIHarvey Martin Randy White
5%
XIFred Biletnikoff
4%

Score Distribution

Percentile by Number Answered

Percent of People with Each Score

Your Score History

You have not taken this quiz since the last reset